Statistics for Car Trivia

Click here to take the quiz!

General Stats

  • This quiz has been taken 51 times
  • The average score is 9 of 16

Answer Stats

QuestionAnswer% Correct
Almost 95% of a car’s lifetime is spent parked.True
79%
The hardest brand of car to steal.Tesla
74%
The most stolen car in AmericaHonda Civic
72%
The world’s best selling car is...Toyota Corolla
72%
The world record for removing and replacing a car engine is 42 seconds.True
68%
What % of the world’s population drives on the right side of the road.65%
64%
The man who invented cruise control was blind.True
62%
The highest total mileage clocked by a single car is 3.25 million miles.True
62%
65% of all cars produced by Rolls Royce are still on the road.True
62%
The world’s first speeding ticket was issued in 1902True
60%
The largest speeding fine ever given was €1,000,000 ($1,180,045).True
55%
A modern Formula 1 car can drive upside down in a tunnel.True
53%
What % of an average car is recyclable?80%
49%
If you could drive to the moon going 60mph it would take one year to get there.False
43%
This country produces almost a quarter of the world’s total cars.China
36%
The average car contains over 10,000 unique parts.False
30%

Score Distribution

Percentile by Number Answered

Percent of People with Each Score

Your Score History

You have not taken this quiz